000 00314 a2200157 4500
001 182762
020 _a
040 _cMagnum
100 _aAzevedo, Artur
240 1 0 _aContos escolhidos
_lpor
245 1 0 _aContos escolhidos
300 _a158
362 0 _a1997
697 _aLITERATURA GERAL
942 _cBK
999 _c182762
_d182762